[Event "25. Offene Herner Stadtmeisterschaft 2024"]
[Site "Herne-Sodingen"]
[Date "2024.02.26"]
[Round "4.16"]
[White "Feldhaus, Thomas"]
[Black "Melmer, Felix"]
[Result "1/2-1/2"]
[WhiteElo "1710"]
[BlackElo "1969"]
[PlyCount "59"]
[EventDate "2024.??.??"]
[WhiteTeam "Recklinghäuser SV Süd/"]
[BlackTeam "SC Gerthe 46 - Werne"]

1. e4 c5 2. d3 Nc6 3. g3 e6 4. Bg2 d5 5. Nd2 Nf6 6. Ngf3 Be7 7. O-O Qc7 8. exd5 exd5 9. d4 b6 10. dxc5 bxc5 11. Nb3 O-O 12. Bf4 Qb6 13. Ne5 Nxe5 14. Bxe5 Ba6 15. Re1 Rad8 16. c3 Bc4 17. Qc2 Rfe8 18. Rad1 Bf8 19. Bxf6 Rxe1+ 20. Rxe1 Qxf6 21. Na5 Ba6 22. Rd1 Qb6 23. Nb3 d4 24. cxd4 cxd4 25. Nc1 Rc8 26. Qb3 Qxb3 27. Nxb3 Rc2 28. Nxd4 Rxb2 29. Bd5 g6 30. Kg2 1/2-1/2

[Event "25. Offene Herner Stadtmeisterschaft 2024"]
[Site "Herne-Sodingen"]
[Date "2024.02.26"]
[Round "4.17"]
[White "Funke, Eckhard"]
[Black "Kramer, Martin"]
[Result "0-1"]
[WhiteElo "1806"]
[BlackElo "1623"]
[PlyCount "90"]
[EventDate "2024.??.??"]
[WhiteTeam "SV Günnigfeld 1922 e."]
[BlackTeam "Dortmunder SV 1875"]

1. d4 d5 2. c4 c6 3. Nc3 Nf6 4. e3 e6 5. Nf3 Nbd7 6. cxd5 exd5 7. Bd3 Bd6 8. O-O O-O 9. e4 dxe4 10. Nxe4 Nxe4 11. Bxe4 Nf6 12. Bg5 Be7 13. Bc2 Nd5 14. Qd3 g6 15. Bxe7 Qxe7 16. Bb3 Bf5 17. Qd2 Rfd8 18. Rfe1 Qf6 19. Re5 a5 20. Rae1 a4 21. Bxd5 Rxd5 22. Re8+ Rxe8 23. Rxe8+ Kg7 24. Qb4 Qd6 25. Qxd6 Rxd6 26. h3 Be6 27. Re7 b5 28. a3 Bd5 29. Ne5 Be6 30. Nf3 Bd5 31. Ne5 Be6 32. Rc7 Rxd4 33. Rxc6 Rd2 34. Rc3 Rxb2 35. Nc6 Rb3 36. Re3 Rxe3 37. fxe3 f5 38. Kf2 Kf6 39. g3 Bc4 40. e4 fxe4 41. Ke3 Bd3 42. Kd4 h5 43. h4 g5 44. Ke3 gxh4 45. gxh4 Kf5 0-1

[Event "25. Offene Herner Stadtmeisterschaft 2024"]
[Site "Herne-Sodingen"]
[Date "2024.02.26"]
[Round "4.18"]
[White "Mayeres, Hans-Christian"]
[Black "Kleinert, Andreas"]
[Result "0-1"]
[WhiteElo "1708"]
[BlackElo "1805"]
[PlyCount "50"]
[EventDate "2024.??.??"]
[WhiteTeam "SC Recklinghausen Altsta"]
[BlackTeam "SC Buer-Hassel 1919 e. V."]

1. c4 e5 2. g3 Nf6 3. Bg2 c6 4. d4 d6 5. Nc3 Be7 6. dxe5 dxe5 7. Qxd8+ Bxd8 8. Nf3 Nfd7 9. O-O Be7 10. Bg5 f6 11. Be3 a5 12. b3 Na6 13. Na4 Nac5 14. Nxc5 Nxc5 15. Rfd1 Be6 16. Ne1 Kf7 17. Nd3 Nxd3 18. exd3 Rhd8 19. d4 exd4 20. Bxd4 a4 21. Be3 Rxd1+ 22. Rxd1 axb3 23. axb3 Ra3 24. Rb1 Bf5 25. Rb2 Ra1+ 0-1

[Event "25. Offene Herner Stadtmeisterschaft 2024"]
[Site "Herne-Sodingen"]
[Date "2024.02.26"]
[Round "4.19"]
[White "Boost, Jürgen"]
[Black "Ponto, Michael"]
[Result "1/2-1/2"]
[WhiteElo "1797"]
[BlackElo "1616"]
[PlyCount "52"]
[EventDate "2024.??.??"]
[WhiteTeam "SC Gerthe 46 - Werne"]
[BlackTeam "SV Zeppelin Herne e. V."]

1. e4 e5 2. Nf3 Nc6 3. Bb5 d6 4. d4 exd4 5. Nxd4 Bd7 6. Nc3 Nf6 7. Bg5 Be7 8. Qd2 a6 9. Bxc6 bxc6 10. O-O O-O 11. Rfe1 Re8 12. e5 dxe5 13. Rxe5 Bd6 14. Rxe8+ Bxe8 15. Nf5 Be5 16. Qxd8 Rxd8 17. Ne7+ Kf8 18. Nf5 h6 19. Be3 Ng4 20. Bc5+ Kg8 21. h3 Nf6 22. Re1 Bxc3 23. bxc3 Rd2 24. Bd4 Bd7 25. Ne3 Nd5 26. Nxd5 cxd5 1/2-1/2

[Event "25. Offene Herner Stadtmeisterschaft 2024"]
[Site "Herne-Sodingen"]
[Date "2024.02.26"]
[Round "4.20"]
[White "Hielscher, Klaus-Peter"]
[Black "Koch, Burkhard"]
[Result "1-0"]
[WhiteElo "1780"]
[BlackElo "1613"]
[PlyCount "79"]
[EventDate "2024.??.??"]
[WhiteTeam "SV Wattenscheid 1930 e"]
[BlackTeam "SG Wanne"]

1. c4 Nf6 2. Nc3 e6 3. Nf3 Be7 4. d4 d5 5. cxd5 exd5 6. Bg5 O-O 7. e3 c6 8. Bd3 Be6 9. Qc2 h6 10. Bh4 Nbd7 11. O-O b6 12. Rfd1 a6 13. Rac1 c5 14. dxc5 bxc5 15. b3 Re8 16. h3 Qa5 17. Qe2 Bd6 18. Qd2 Rac8 19. Nxd5 Qxd2 20. Nxf6+ Nxf6 21. Rxd2 c4 22. bxc4 Bb4 23. Rdc2 Rc5 24. Nd4 Rec8 25. Nxe6 fxe6 26. Bg3 e5 27. a3 Bxa3 28. Ra1 Bb4 29. Rxa6 Rd8 30. Bf5 Nh5 31. Bh4 Nf6 32. Bxf6 gxf6 33. Rxf6 e4 34. Bxe4 Re5 35. Bd5+ Kg7 36. Re6 Rxe6 37. Bxe6 Bd6 38. g3 Bc5 39. Kg2 Kf6 40. Bd5 1-0

[Event "25. Offene Herner Stadtmeisterschaft 2024"]
[Site "Herne-Sodingen"]
[Date "2024.02.26"]
[Round "4.21"]
[White "Rath, Michael"]
[Black "Gausmann, Thomas"]
[Result "1-0"]
[WhiteElo "1673"]
[BlackElo "1772"]
[PlyCount "105"]
[EventDate "2024.??.??"]
[WhiteTeam "SV Königsspringer Halt"]
[BlackTeam "SG Bochum 1931"]

1. d4 d5 2. Nf3 Nf6 3. Bf4 e6 4. e3 Bd6 5. Bg3 O-O 6. c4 c5 7. Nc3 Nc6 8. dxc5 Bxc5 9. Be2 d4 10. exd4 Nxd4 11. Nxd4 Bxd4 12. Qc2 Qa5 13. O-O Bxc3 14. bxc3 Bd7 15. Bf3 Qa6 16. Qb3 Bc6 17. Bxc6 Qxc6 18. Rfd1 Rfd8 19. Rd4 Rxd4 20. cxd4 Rc8 21. c5 b6 22. cxb6 Qc1+ 23. Qd1 Qxd1+ 24. Rxd1 axb6 25. f3 Rc2 26. Rb1 Nd5 27. a3 f6 28. Rb3 Rd2 29. h3 Rxd4 30. Bf2 Rd1+ 31. Kh2 Rd2 32. Bxb6 Nf4 33. Be3 Rxg2+ 34. Kh1 Rg3 35. Bxf4 Rxh3+ 36. Kg2 Rh5 37. a4 Ra5 38. Ra3 Kf7 39. Bc7 Ra7 40. Bb6 Ra6 41. a5 Ke7 42. Rc3 h6 43. Rc7+ Kf8 44. Ra7 Rxa7 45. Bxa7 Ke8 46. Bc5 Kd7 47. Bf8 g6 48. Bxh6 Kc6 49. Bg7 Kb5 50. Bxf6 Kxa5 51. Be5 Kb5 52. Kg3 Kc5 53. f4 1-0

[Event "25. Offene Herner Stadtmeisterschaft 2024"]
[Site "Herne-Sodingen"]
[Date "2024.02.26"]
[Round "4.22"]
[White "Schatte, Michael"]
[Black "Baumeister, Sven"]
[Result "1-0"]
[WhiteElo "1743"]
[BlackElo "1544"]
[PlyCount "43"]
[EventDate "2024.??.??"]
[WhiteTeam "vereinslos"]
[BlackTeam "SV Datteln 1924"]

1. g4 e5 2. Bg2 d5 3. c4 c6 4. cxd5 cxd5 5. Qb3 Ne7 6. Nc3 e4 7. d3 exd3 8. Nxd5 Be6 9. e4 Nbc6 10. Bf4 Rc8 11. Rc1 Ng6 12. Bd2 Nce5 13. Rxc8 Qxc8 14. f4 Bxd5 15. Qxd5 Qxg4 16. Bh3 Qh4+ 17. Kd1 Ng4 18. Qb5+ Kd8 19. Qxd3+ Kc8 20. Qg3 h5 21. Nf3 Qxh3 22. Qxh3 1-0

[Event "25. Offene Herner Stadtmeisterschaft 2024"]
[Site "Herne-Sodingen"]
[Date "2024.02.26"]
[Round "4.23"]
[White "Klein, Andreas"]
[Black "von Blumenthal, Nikolaus"]
[Result "1-0"]
[WhiteElo "1735"]
[BlackElo "1498"]
[PlyCount "145"]
[EventDate "2024.??.??"]
[WhiteTeam "SC Buer-Hassel 1919 e. V."]
[BlackTeam "SV Zeppelin Herne e.V."]

1. e4 d5 2. exd5 Qxd5 3. Nf3 Bf5 4. Be2 e6 5. d4 h6 6. c4 Qd8 7. a3 Be7 8. Nc3 Nf6 9. h3 O-O 10. Be3 Ne4 11. Nxe4 Bxe4 12. O-O b6 13. Qd2 Nd7 14. b4 a5 15. b5 c6 16. bxc6 Bxc6 17. Rfd1 Nf6 18. Ne5 Ba4 19. Rdc1 Bd6 20. Nf3 Bc6 21. Qb2 Rb8 22. Nd2 Bc7 23. Bd3 Qd6 24. Nf1 Nd7 25. Qc3 Bd8 26. Bc2 Bf6 27. Qd3 g6 28. Bxh6 Rfe8 29. Be3 Red8 30. Rab1 Be7 31. a4 Nf6 32. Ng3 Qd7 33. Ra1 Qb7 34. Qf1 Rd7 35. Rd1 Bb4 36. f3 Bd6 37. Qf2 Qc7 38. Nf1 Nh5 39. Rab1 Bf4 40. Rd2 Bd6 41. Rbd1 Bb4 42. Rd3 Bb7 43. Bb3 Bd6 44. Bg5 Bf4 45. Bxf4 Nxf4 46. R3d2 Nh5 47. Qh4 Rbd8 48. Qg4 Qf4 49. Qxf4 Nxf4 50. Kf2 Ba6 51. Ke3 Nh5 52. g4 Nf6 53. Ng3 Rc8 54. Rc1 Nd5+ 55. Kf2 Nb4 56. Ne4 Kg7 57. g5 Rc6 58. Kg3 Rdc7 59. c5 Rb7 60. Nd6 Rb8 61. Rc3 Rd8 62. Ne4 b5 63. Rd1 Rc7 64. Nf6 bxa4 65. Bxa4 Nd5 66. Nxd5 Rxd5 67. Kf4 Bb7 68. h4 Rf5+ 69. Kg3 Bc6 70. Bc2 Rd5 71. Ra3 Rcd7 72. Be4 Rxc5 73. dxc5 1-0

[Event "25. Offene Herner Stadtmeisterschaft 2024"]
[Site "Herne-Sodingen"]
[Date "2024.02.26"]
[Round "4.24"]
[White "Tolksdorf, Jürgen"]
[Black "Dlouhy, Peter"]
[Result "0-1"]
[WhiteElo "1641"]
[BlackElo "1729"]
[PlyCount "74"]
[EventDate "2024.??.??"]
[WhiteTeam "SV Günnigfeld 1922 e."]
[BlackTeam "SV Unser Fritz Wanne-E"]

1. e4 d6 2. Nf3 Nf6 3. Nc3 c6 4. d4 Qa5 5. Bd2 Qc7 6. Bd3 e5 7. h3 Be7 8. Qe2 b5 9. a3 a6 10. O-O O-O 11. Nd1 exd4 12. e5 dxe5 13. Nxe5 Bd6 14. f4 Nbd7 15. c3 Nxe5 16. fxe5 Bxe5 17. Nf2 dxc3 18. Bxc3 Bxc3 19. bxc3 Re8 20. Qc2 g6 21. c4 Qe5 22. Rae1 Qc5 23. Rxe8+ Nxe8 24. Kh1 f5 25. Qa2 Be6 26. Rc1 Nd6 27. Qe2 Bf7 28. Qe7 Re8 29. Qd7 bxc4 30. Bf1 Qxa3 31. Rd1 Qe3 32. Qxd6 Qxf2 33. Qxc6 Re1 34. Rxe1 Qxe1 35. Kg1 c3 36. Qf6 Qe3+ 37. Kh1 c2 0-1

[Event "25. Offene Herner Stadtmeisterschaft 2024"]
[Site "Herne-Sodingen"]
[Date "2024.02.26"]
[Round "4.25"]
[White "Domnik, Roland"]
[Black "Schicktanz, Florian"]
[Result "0-1"]
[WhiteElo "1640"]
[BlackElo "1725"]
[PlyCount "52"]
[EventDate "2024.??.??"]
[WhiteTeam "vereinslos"]
[BlackTeam "SV Erkenschwick 1923 e"]

1. d4 f5 2. c4 Nf6 3. Nc3 e6 4. a3 b6 5. h3 Bb7 6. Bf4 Be7 7. e3 O-O 8. Nf3 Nh5 9. Bh2 f4 10. Be2 fxe3 11. fxe3 Bh4+ 12. Kd2 Bg3 13. Bxg3 Nxg3 14. Rg1 Nc6 15. Qe1 Nxe2 16. Qxe2 Na5 17. Kc2 Ba6 18. b3 d5 19. Ne5 dxc4 20. b4 Nb3 21. Raf1 b5 22. Rxf8+ Qxf8 23. Rf1 Qe7 24. Rf7 Qg5 25. Qf3 Rd8 26. Nd7 Qg6+ 0-1

[Event "25. Offene Herner Stadtmeisterschaft 2024"]
[Site "Herne-Sodingen"]
[Date "2024.02.26"]
[Round "4.26"]
[White "Scheithauer, Ralf"]
[Black "Löffelbein, Klaus"]
[Result "0-1"]
[WhiteElo "1376"]
[BlackElo "1758"]
[PlyCount "42"]
[EventDate "2024.??.??"]
[WhiteTeam "Bochumer SV 02"]
[BlackTeam "SC Gerthe 46 - Werne"]

1. e4 c5 2. Nf3 a6 3. d4 cxd4 4. Nxd4 Nf6 5. Nc3 e5 6. Nf3 Bb4 7. Bd3 d5 8. O-O Bxc3 9. bxc3 dxe4 10. Qe2 exd3 11. Qxe5+ Qe7 12. Qg3 Nh5 13. Qe5 Qxe5 14. Nxe5 O-O 15. cxd3 Nc6 16. Nc4 b5 17. Ne3 Nf4 18. Ba3 Rd8 19. d4 b4 20. Bb2 bxc3 21. Bxc3 Ne2+ 0-1

[Event "25. Offene Herner Stadtmeisterschaft 2024"]
[Site "Herne-Sodingen"]
[Date "2024.02.26"]
[Round "4.27"]
[White "Griese, Andreas"]
[Black "Wiese, Thomas"]
[Result "0-1"]
[WhiteElo "1259"]
[BlackElo "1699"]
[PlyCount "104"]
[EventDate "2024.??.??"]
[WhiteTeam "SC Scharnhorst 2002"]
[BlackTeam "SV Kamen 1930"]

1. c4 e5 2. Nc3 Nc6 3. g3 Nf6 4. Bg2 Bb4 5. e3 O-O 6. Nge2 Re8 7. O-O d6 8. a3 Ba5 9. b4 Bb6 10. Bb2 a5 11. b5 Nb8 12. Nd5 Nxd5 13. Bxd5 c6 14. bxc6 bxc6 15. Bg2 Be6 16. d3 Qc7 17. Rc1 Qd7 18. d4 Bh3 19. c5 dxc5 20. dxc5 Bxg2 21. Kxg2 Bc7 22. Qxd7 Nxd7 23. a4 Rab8 24. Ba3 Nf8 25. Rb1 Ne6 26. Nc3 f5 27. Rxb8 Rxb8 28. Rb1 Rxb1 29. Nxb1 e4 30. Nd2 Be5 31. Nc4 Bc3 32. Nd6 g6 33. h4 Kf8 34. Kf1 Ke7 35. Ke2 Nc7 36. f3 exf3+ 37. Kxf3 Ne6 38. g4 fxg4+ 39. Kxg4 Bb4 40. Bxb4 axb4 41. Nc4 Nxc5 42. a5 Ke6 43. Kf4 b3 44. Nb2 Kd5 45. e4+ Kd4 46. a6 Nxa6 47. e5 Nc5 48. Na4 Nxa4 49. e6 b2 50. e7 b1=Q 51. e8=Q Qf5+ 52. Kg3 Qe5+ 0-1

[Event "25. Offene Herner Stadtmeisterschaft 2024"]
[Site "Herne-Sodingen"]
[Date "2024.02.26"]
[Round "4.28"]
[White "Mohammad, Othman"]
[Black "Jähnicke, Karl-Heinz"]
[Result "1-0"]
[WhiteElo "1200"]
[BlackElo "1613"]
[PlyCount "64"]
[EventDate "2024.??.??"]
[WhiteTeam "SG Wanne"]
[BlackTeam "SC Scharnhorst 2002"]

1. e4 e5 2. Nc3 Nc6 3. Nf3 d6 4. Bb5 Bd7 5. Bxc6 bxc6 6. d4 exd4 7. Qxd4 h6 8. O-O Qe7 9. Re1 Qe6 10. e5 d5 11. Na4 Qe7 12. Bd2 Be6 13. a3 c5 14. Qd3 Qd7 15. Qa6 d4 16. Rad1 g5 17. b4 g4 18. Nh4 Qd5 19. Bc3 Bc8 20. Qb5+ Bd7 21. Qa5 Be7 22. Rxd4 Qc6 23. Nxc5 Bc8 24. g3 Bxh4 25. gxh4 Ne7 26. e6 Rg8 27. exf7+ Kxf7 28. Rf4+ Nf5 29. Ne4 Kg6 30. h5+ Kxh5 31. Rxf5+ Bxf5 32. Qxf5+ Rg5 1-0

[Event "25. Offene Herner Stadtmeisterschaft 2024"]
[Site "Herne-Sodingen"]
[Date "2024.02.26"]
[Round "4.29"]
[White "Muschal, Holger"]
[Black "Schneider, Timo"]
[Result "0-1"]
[WhiteElo "1200"]
[BlackElo "1585"]
[PlyCount "50"]
[EventDate "2024.??.??"]
[WhiteTeam "SV Waltrop 1922 e. V."]
[BlackTeam "SV Datteln 1924"]

1. e4 c5 2. Nf3 e6 3. g3 g6 4. Bh3 Bg7 5. c4 Nc6 6. Nc3 Nge7 7. d3 O-O 8. Rb1 d5 9. exd5 exd5 10. cxd5 Bxh3 11. dxc6 Nxc6 12. Be3 Nd4 13. Ne4 Nxf3+ 14. Qxf3 b6 15. g4 Qh4 16. Rg1 f5 17. Rg3 Bxg4 18. Rxg4 Qxg4 19. Qxg4 fxg4 20. Ke2 Rad8 21. b3 Bd4 22. Ng5 Bxe3 23. fxe3 Rf5 24. Ne6 Re8 25. Nf4 Rxf4 0-1

[Event "25. Offene Herner Stadtmeisterschaft 2024"]
[Site "Herne-Sodingen"]
[Date "2024.02.26"]
[Round "4.30"]
[White "Steinke, Hans-Jörg"]
[Black "Neumann, Frank"]
[Result "1-0"]
[WhiteElo "1573"]
[BlackElo "1398"]
[PlyCount "53"]
[EventDate "2024.??.??"]
[WhiteTeam "SV Erkenschwick 1923 e"]
[BlackTeam "SV Waltrop 1922 e. V."]

1. d4 d5 2. c4 Bf5 3. Nc3 e5 4. cxd5 exd4 5. Qa4+ c6 6. Qxd4 Nf6 7. Qe5+ Be7 8. Qxf5 O-O 9. dxc6 Nxc6 10. e3 Bb4 11. Bd2 g6 12. Qc2 Qe7 13. a3 Bd6 14. Nf3 Rac8 15. Bd3 Ne5 16. Nxe5 Bxe5 17. Qa4 Rfd8 18. Be2 Qd6 19. Rd1 Qb6 20. Qb5 Qc7 21. h3 a6 22. Qb3 Rd7 23. O-O Rcd8 24. Be1 Bxc3 25. Bxc3 Rxd1 26. Rxd1 Rxd1+ 27. Qxd1 1-0

[Event "25. Offene Herner Stadtmeisterschaft 2024"]
[Site "Herne-Sodingen"]
[Date "2024.02.26"]
[Round "4.31"]
[White "Landwehr, Ingo"]
[Black "Breimann, Tobias"]
[Result "1-0"]
[WhiteElo "1504"]
[BlackElo "1287"]
[PlyCount "85"]
[EventDate "2024.??.??"]
[WhiteTeam "Bochumer SV 02"]
[BlackTeam "SV Waltrop 1922 e. V."]

1. c4 e5 2. g3 Nc6 3. Bg2 Nf6 4. Nc3 Bb4 5. e3 O-O 6. Nge2 d6 7. h3 Be6 8. b3 Qc8 9. a3 Ba5 10. b4 Bb6 11. Nd5 Bxd5 12. cxd5 Ne7 13. e4 c6 14. dxc6 bxc6 15. Bb2 Ng6 16. Nc3 Qe6 17. Na4 Bd4 18. Bxd4 exd4 19. O-O Rfe8 20. d3 Qe5 21. Re1 Nd7 22. Nb2 Nb6 23. Rc1 Rac8 24. a4 c5 25. a5 Nd7 26. Nc4 Qe6 27. bxc5 dxc5 28. f4 Ne7 29. e5 Nc6 30. Nd6 Nb4 31. Nxe8 Rxe8 32. Kh2 Qa6 33. Be4 Qxa5 34. Qh5 h6 35. Qf5 Nf8 36. Qh5 Qb5 37. Rc4 a5 38. Rec1 Rc8 39. Qf5 Qa6 40. Rxd4 cxd4 41. Rxc8 g6 42. Qd7 Nxd3 43. Qd8 1-0

[Event "25. Offene Herner Stadtmeisterschaft 2024"]
[Site "Herne-Sodingen"]
[Date "2024.02.26"]
[Round "4.32"]
[White "Deno, Thomas"]
[Black "Bunzel, Robert"]
[Result "1/2-1/2"]
[WhiteElo "1439"]
[BlackElo "1200"]
[PlyCount "54"]
[EventDate "2024.??.??"]
[WhiteTeam "SC Buer-Hassel 1919 e. V."]
[BlackTeam "SV Wattenscheid 1930 e"]

1. d4 Nf6 2. Nf3 e6 3. e3 d5 4. Bd3 Nc6 5. O-O Be7 6. b3 Nb4 7. Be2 O-O 8. a3 Nc6 9. Bb2 Ne4 10. Bd3 f5 11. Ne5 Bf6 12. f4 Bd7 13. Nd2 Be8 14. c4 Na5 15. Rc1 Nxd2 16. Qxd2 Nxb3 17. Qc3 Nxc1 18. Rxc1 c6 19. g4 Bxe5 20. dxe5 Qh4 21. gxf5 Qg4+ 22. Kh1 exf5 23. Rg1 Qf3+ 24. Rg2 Bg6 25. Be2 Qe4 26. Bd3 Qf3 27. Be2 Qe4 1/2-1/2

[Event "25. Offene Herner Stadtmeisterschaft 2024"]
[Site "Herne-Sodingen"]
[Date "2024.02.26"]
[Round "4.33"]
[White "Masoudi, Mohammadmahdi"]
[Black "Krolik, Wilfried"]
[Result "1/2-1/2"]
[WhiteElo "1200"]
[BlackElo "1510"]
[PlyCount "80"]
[EventDate "2024.??.??"]
[WhiteTeam "Bochumer SV 02"]
[BlackTeam "SV Waltrop 1922 e. V."]

1. c4 e5 2. Nc3 Nc6 3. Nf3 Nf6 4. g3 d5 5. cxd5 Nxd5 6. Bg2 Be6 7. O-O Be7 8. d4 Nxc3 9. bxc3 e4 10. Ne5 Nxe5 11. dxe5 Bd5 12. Qc2 f5 13. exf6 Bxf6 14. Rd1 c6 15. Bxe4 Qa5 16. Bxh7 Qxc3 17. Bg6+ Bf7 18. Bxf7+ Kxf7 19. Qxc3 Bxc3 20. Rb1 b6 21. Bb2 Bxb2 22. Rxb2 Ke7 23. f4 c5 24. h4 Rac8 25. Rbd2 Rc7 26. Rd5 c4 27. Re5+ Kf7 28. Rc1 c3 29. Rc2 Rd8 30. Re3 Rdc8 31. Kf2 b5 32. a3 a5 33. Re5 Rc5 34. Rxc5 Rxc5 35. Ke3 b4 36. axb4 axb4 37. Kd4 Rc8 38. e4 Rd8+ 39. Ke3 Rc8 40. Kd4 Rd8+ 1/2-1/2

[Event "25. Offene Herner Stadtmeisterschaft 2024"]
[Site "Herne-Sodingen"]
[Date "2024.02.26"]
[Round "4.34"]
[White "Nouman, Abdulrrahman"]
[Black "Wickenfeld, Udo"]
[Result "1-0"]
[WhiteElo "1200"]
[BlackElo "1200"]
[PlyCount "127"]
[EventDate "2024.??.??"]
[WhiteTeam "SG Wanne"]
[BlackTeam "SC Recklinghausen Altsta"]

1. e4 c5 2. Nf3 d6 3. d4 cxd4 4. Nxd4 Nf6 5. Nc3 a6 6. h3 e5 7. Nf3 Be7 8. Bc4 O-O 9. Bg5 Nc6 10. a3 b5 11. Bxf6 Bxf6 12. Bd5 Bb7 13. O-O Rb8 14. Bxc6 Bxc6 15. Nd5 Bxd5 16. Qxd5 Qc7 17. c3 Rbc8 18. Rad1 Be7 19. Rd3 Qc6 20. Qxc6 Rxc6 21. Rfd1 f6 22. Nh4 g6 23. Nf3 Rd8 24. Ne1 Rc4 25. f3 Rc6 26. Nc2 a5 27. Ne3 Kf7 28. Nd5 Bf8 29. g3 Bh6 30. Kf2 Bg7 31. h4 h5 32. Ne3 Bh6 33. Nd5 Bf8 34. b3 Ke6 35. f4 exf4 36. gxf4 Kf7 37. Kf3 Bg7 38. Re1 Re8 39. Rde3 Ke6 40. f5+ Kf7 41. fxg6+ Kxg6 42. Nf4+ Kh6 43. Nd5 Kg6 44. Rg1+ Kf7 45. Re2 f5 46. exf5 Rxe2 47. Kxe2 Rc5 48. Rd1 Bf6 49. Rd3 Be5 50. Kf3 Rc8 51. Ke4 Rg8 52. Ne3 Kf6 53. c4 bxc4 54. bxc4 Rc8 55. Rb3 Kf7 56. Rb7+ Kg8 57. Kd5 Rc5+ 58. Ke6 Rc8 59. f6 Re8+ 60. Re7 Kf8 61. Nf5 Rxe7+ 62. fxe7+ Ke8 63. Nxd6+ Bxd6 64. Kxd6 1-0

[Event "25. Offene Herner Stadtmeisterschaft 2024"]
[Site "Herne-Sodingen"]
[Date "2024.02.26"]
[Round "4.35"]
[White "Suberski, Lukas"]
[Black "Kümmel, Hans-Jürgen"]
[Result "0-1"]
[WhiteElo "1157"]
[BlackElo "1315"]
[PlyCount "68"]
[EventDate "2024.??.??"]
[WhiteTeam "SV Unser Fritz Wanne-E"]
[BlackTeam "SV Günnigfeld 1922 e."]

1. e4 c6 2. Nf3 d5 3. exd5 cxd5 4. Ne5 Nf6 5. d4 e6 6. Bb5+ Nbd7 7. a3 Be7 8. O-O O-O 9. Nc3 a6 10. Bd3 Nb8 11. Re1 Nc6 12. Ne2 Qb6 13. Bf4 Bd7 14. Rb1 Rac8 15. Bg5 Qd8 16. Nxd7 Qxd7 17. c3 h6 18. Be3 Bd6 19. Nf4 Ne7 20. Nh5 Nxh5 21. Qxh5 Nf5 22. Bd2 Qd8 23. g3 Be7 24. Bxf5 exf5 25. Re5 Rc6 26. Rbe1 Bg5 27. f4 Bf6 28. Rxf5 g6 29. Qg4 Kh7 30. Rxf6 Qxf6 31. Re5 Re6 32. f5 Rxe5 33. fxg6+ fxg6 34. dxe5 Qf1# 0-1

[Event "25. Offene Herner Stadtmeisterschaft 2024"]
[Site "Herne-Sodingen"]
[Date "2024.02.26"]
[Round "4.37"]
[White "Meiler, Wolfgang"]
[Black "Franzel, Christian"]
[Result "0-1"]
[WhiteElo "1163"]
[BlackElo "1200"]
[PlyCount "76"]
[EventDate "2024.??.??"]
[WhiteTeam "Bochumer SV 02"]
[BlackTeam "SV Schwarz-Weiß Oberha"]

1. d4 d6 2. c4 Nf6 3. Nf3 Nbd7 4. e3 c6 5. Bd3 e5 6. dxe5 dxe5 7. e4 g6 8. Nc3 Bg7 9. O-O O-O 10. Qe2 Re8 11. Rd1 Qc7 12. b4 a6 13. a3 b6 14. Rb1 Bb7 15. Qa2 Rad8 16. h3 Nf8 17. Be3 Ne6 18. Na4 Nd4 19. Ne1 Bc8 20. Nc3 Be6 21. Ne2 c5 22. Qb2 Qc8 23. f4 Nh5 24. fxe5 Bxe5 25. Bf2 Nf3+ 26. Nxf3 Bxb2 27. Rxb2 Bxc4 28. Ne1 Bxd3 29. Nxd3 c4 30. Rc2 Qe6 31. Nef4 Nxf4 32. Nxf4 Rxd1+ 33. Kh2 Qxe4 34. Bg3 Qxc2 35. h4 Qc1 36. Kh3 f5 37. Bf2 Qxf4 38. g3 Qxf2 0-1

[Event "25. Offene Herner Stadtmeisterschaft 2024"]
[Site "Herne-Sodingen"]
[Date "2024.03.04"]
[Round "5.1"]
[White "Werrn, Pascal"]
[Black "Koscielski, Janusz"]
[Result "0-1"]
[WhiteElo "2132"]
[BlackElo "2230"]
[PlyCount "50"]
[EventDate "2024.??.??"]
[WhiteTeam "SK Sodingen/Castrop 24/23 e. V."]
[BlackTeam "SV Wattenscheid 1930 e"]

1. e4 c5 2. Nf3 d6 3. Bb5+ Bd7 4. Bxd7+ Qxd7 5. c4 g6 6. Nc3 Bg7 7. d4 cxd4 8. Nxd4 Nf6 9. O-O O-O 10. f3 Rc8 11. b3 d5 12. e5 Ne8 13. f4 dxc4 14. Be3 Nc6 15. Nxc6 Qxc6 16. Nd5 Bf8 17. bxc4 e6 18. Nc3 Qxc4 19. Rc1 Ba3 20. Rc2 Bb4 21. Bd2 Rc6 22. Qf3 Rd8 23. Rfc1 Rd3 24. Qe2 Qd4+ 25. Qf2 Bxc3 0-1

[Event "25. Offene Herner Stadtmeisterschaft 2024"]
[Site "Herne-Sodingen"]
[Date "2024.03.04"]
[Round "5.2"]
[White "Trzaska, Peter"]
[Black "Hahn, Matthias"]
[Result "1/2-1/2"]
[WhiteElo "2029"]
[BlackElo "2122"]
[PlyCount "20"]
[EventDate "2024.??.??"]
[WhiteTeam "SV Erkenschwick 1923 e"]
[BlackTeam "SV Bochum-Linden-Dahlh"]

1. c4 e6 2. e4 d5 3. exd5 exd5 4. d4 Nf6 5. Nf3 Be7 6. cxd5 O-O 7. Nc3 Nbd7 8. Bd3 Nb6 9. O-O Nbxd5 10. Bg5 c6 1/2-1/2

[Event "25. Offene Herner Stadtmeisterschaft 2024"]
[Site "Herne-Sodingen"]
[Date "2024.03.04"]
[Round "5.3"]
[White "Kiese, Matthias"]
[Black "Morawietz, Manuel"]
[Result "1-0"]
[WhiteElo "2120"]
[BlackElo "1991"]
[Annotator "georg"]
[PlyCount "61"]
[EventDate "2024.??.??"]
[WhiteTeam "Bochumer SV 02"]
[BlackTeam "SV Unna 1924"]

{[%evp 0,28,24,15,17,14,17,27,26,29,25,29,26,18,20,28,32,11,26,1,1,0,0,-28,-7,-3,0,0,0,0,172]} 1. d4 d5 2. Nf3 e6 3. c4 Nf6 4. Nc3 Be7 5. Bg5 h6 6. Bh4 O-O 7. e3 b6 8. Rc1 Bb7 9. Bxf6 Bxf6 10. cxd5 exd5 11. b4 c5 12. bxc5 bxc5 13. dxc5 Nd7 14. Nb5 a6 15. Nbd4 Qa5+ 16. Qd2 Qxd2+ 17. Kxd2 Ne5 18. Nxe5 Bxe5 19. Bd3 Ra7 20. Rc2 Rc8 21. Rb1 Bc6 22. f4 Ba4 23. fxe5 Bxc2 24. Bxc2 Kf8 25. Ba4 Re7 26. Nf3 g5 27. c6 g4 28. Nd4 Rec7 29. Rb7 Re7 30. Nf5 Rec7 31. Kd3 1-0

[Event "25. Offene Herner Stadtmeisterschaft 2024"]
[Site "Herne-Sodingen"]
[Date "2024.03.04"]
[Round "5.4"]
[White "Callenberg, Ralf"]
[Black "Quast, Marcel"]
[Result "1/2-1/2"]
[WhiteElo "2008"]
[BlackElo "2156"]
[PlyCount "89"]
[EventDate "2024.??.??"]
[WhiteTeam "Recklinghäuser SV Süd/"]
[BlackTeam "SC Gerthe 46 - Werne"]

1. c4 e5 2. g3 d5 3. cxd5 c6 4. dxc6 Nxc6 5. Bg2 Nf6 6. Nc3 Bc5 7. Nf3 O-O 8. O-O Qe7 9. d3 h6 10. Nd2 Be6 11. Nb3 Bd6 12. Nb5 Bb8 13. Be3 Nd7 14. Rc1 a6 15. Nc3 f5 16. Nd5 Qf7 17. Nb6 Nxb6 18. Bxb6 Bd5 19. Bxd5 Qxd5 20. Qc2 Bd6 21. Qc4 Qf7 22. Bc5 Bxc5 23. Qxc5 Qh5 24. f3 Rad8 25. Kg2 Rfe8 26. Rfd1 Kh8 27. Rd2 Qf7 28. Qc4 Qg6 29. Qc3 Ne7 30. e4 Nc6 31. Qc5 Qf7 32. Qb6 Rf8 33. Rc3 fxe4 34. dxe4 Rxd2+ 35. Nxd2 Rd8 36. Nb3 Qd7 37. Qf2 Qd1 38. Rc1 Qd3 39. Rc2 Rf8 40. Rd2 Qb1 41. a3 Rf7 42. Qe2 a5 43. Qd3 Qxd3 44. Rxd3 Rc7 45. Kf2 1/2-1/2

[Event "25. Offene Herner Stadtmeisterschaft 2024"]
[Site "Herne-Sodingen"]
[Date "2024.03.04"]
[Round "5.5"]
[White "Lang, Daniel"]
[Black "Ribbeheger, Edgar"]
[Result "1-0"]
[WhiteElo "2098"]
[BlackElo "1971"]
[PlyCount "55"]
[EventDate "2024.??.??"]
[WhiteTeam "SV Wattenscheid 1930 e"]
[BlackTeam "SK Sodingen/Castrop 24/23 e. V."]

1. d4 Nf6 2. c4 e6 3. Nc3 d5 4. Nf3 Bb4 5. Qa4+ Nc6 6. e3 O-O 7. Bd2 Bd7 8. Qb3 dxc4 9. Bxc4 Qe7 10. Be2 a5 11. O-O a4 12. Qc2 a3 13. b3 Rfc8 14. Rad1 Ra5 15. Ne4 Nxe4 16. Qxe4 Bxd2 17. Nxd2 Nd8 18. Nc4 Bc6 19. Qc2 Rg5 20. f3 f6 21. e4 Be8 22. f4 Rg6 23. Bh5 Rh6 24. Bxe8 Qxe8 25. Nd6 Qh5 26. h3 Ra8 27. Qxc7 Rg6 28. Nc8 1-0